Some Particular Calculation Procedures for Disability Annuities

Guardado en:
Detalles Bibliográficos
Autor principal: Peller, František
Otros Autores: Škrovánková, Lea, 1954-
Formato: Capítulo de libro
Lenguaje:inglés
Etiquetas: Agregar Etiqueta
Sin Etiquetas, Sea el primero en etiquetar este registro!

MARC

LEADER 00000naa$a2200000$$$4500
001 0062128
005 20240502083149.1
041 0 |a eng 
044 |a YU 
245 1 0 |a Some Particular Calculation Procedures for Disability Annuities  |c František Peller, Lea Škrovánková 
100 1 |a Peller, František 
700 1 |a Škrovánková, Lea, 1954-